Générique Mimi Cracra - Paroles - Statistiques

Statistiques générales
  • Ce quiz a été pris 27 fois
  • Le résultat moyen est 6 sur 7
Statistiques - réponses
Paroles % Correct
Allez vite, on va chez Mimi {Cracra}
100%
Allo Allo, c'est Mimi {Cracra}
100%
Mimi Cracra, l'{eau} elle aime ça
96%
Mimi Cracra, l'{eau} elle aime ça
96%
Mimi Cracra, elle est {comme} ça
92%
C'est ma {copine}
54%
Mon {amie} Clairon tu la connais
50%
Aucun quiz correspondant
Distribution des résultats
% des personnes avec chaque résultat
Percentile par nombre de réponses
Votre historique - résultats
Vous n’avez pas pris ce quiz